00180nam a2200073Ia 4500008004100000020000600041100003500047245002400082211105s9999 xx 000 0 und d a" a Van der Westhuizen, Vincent  0aTem vir my 'n engel